[Event "Amsterdam Chess Tournament 2005"]
[Site "Amsterdam NED"]
[Date "2005.07.23"]
[Round "8.44"]
[White "De Saegher, Chris"]
[Black "Wempe, Joost"]
[Result "1-0"]
[WhiteElo "2187"]
[BlackElo "2228"]
[PlyCount "139"]
[EventDate "2005.07.16"]
[EventType "tourn"]
[EventRounds "9"]
[EventCountry "NED"]
[Source "lmi"]
[SourceDate "2005.07.25"]

1. d4 d5 2. c4 e6 3. Nf3 Nf6 4. g3 Bb4+ 5. Bd2 Be7 6. Bg2 O-O 7. O-O c6 8. Qc2
b6 9. Rd1 Bb7 10. b3 Nbd7 11. Nc3 Rc8 12. e4 dxc4 13. bxc4 c5 14. d5 e5 15. a4
a5 16. Nb5 Re8 17. Bc3 Bf8 18. Re1 Ba6 19. Na7 Ra8 20. Nc6 Qc7 21. Qb2 Bd6 22.
Rab1 Bxc4 23. Nd2 Bd3 24. Rbc1 Nb8 25. f4 Nxc6 26. dxc6 c4 27. Bxe5 Rxe5 28.
fxe5 Bxe5 29. Qb5 Bd4+ 30. Kh1 Ng4 31. Bf3 c3 32. Nc4 Ne5 33. Qd5 Nxf3 34. Red1
Bxc4 35. Qxc4 Bc5 36. Rd7 Ne5 37. Rxc7 Nxc4 38. Rxc3 Kf8 39. Rxc4 Ke8 40. Rb7
Rc8 41. e5 Rxc6 42. Kg2 Re6 43. Re4 g6 44. Kf3 h5 45. h3 Kf8 46. Rf4 Be7 47.
Ke4 Rc6 48. Kd3 Re6 49. Kd4 Rc6 50. g4 hxg4 51. hxg4 Re6 52. Kd5 Kg7 53. Rc7
Kg8 54. Rc6 Rxc6 55. Kxc6 Bc5 56. Kd7 Bb4 57. Rf3 Bc5 58. g5 Bd4 59. e6 fxe6
60. Kxe6 Kg7 61. Rd3 Bb2 62. Rd7+ Kg8 63. Rd6 Kg7 64. Rxb6 Bc3 65. Rb7+ Kg8 66.
Rc7 Bd4 67. Rc4 Bb6 68. Kf6 Kh7 69. Rh4+ Kg8 70. Kxg6 1-0

[Event "Amsterdam Chess Tournament 2005"]
[Site "Amsterdam NED"]
[Date "2005.07.23"]
[Round "8.45"]
[White "Van der Plas, Rob"]
[Black "Van Gool, Henk"]
[Result "1/2-1/2"]
[WhiteElo "2209"]
[BlackElo "2242"]
[PlyCount "88"]
[EventDate "2005.07.16"]
[EventType "tourn"]
[EventRounds "9"]
[EventCountry "NED"]
[Source "lmi"]
[SourceDate "2005.07.25"]

1. d4 Nf6 2. c4 e6 3. Nc3 d5 4. Nf3 Be7 5. cxd5 exd5 6. Qc2 O-O 7. Bf4 a6 8. e3
Be6 9. Bd3 Nbd7 10. Ng5 h6 11. Nxe6 fxe6 12. g4 Ne8 13. Qe2 c5 14. Bg3 Rc8 15.
h4 cxd4 16. exd4 e5 17. dxe5 d4 18. Bc4+ Kh8 19. Nd5 d3 20. Qxd3 Nb6 21. Bb3
Nxd5 22. Qxd5 Bb4+ 23. Kf1 Qb6 24. Kg2 Nc7 25. Qe4 Qb5 26. Rad1 Rfe8 27. Bc2
Qc6 28. Qxc6 bxc6 29. Bb3 Bf8 30. f4 c5 31. g5 Nb5 32. gxh6 gxh6 33. Bc4 Nd4
34. Bxa6 Ra8 35. Bc4 Ra7 36. Kf2 Rg7 37. Bd3 Ra8 38. a3 Rb8 39. Rb1 Rb3 40.
Rhd1 c4 41. Bxc4 Rf3+ 42. Ke1 Bc5 43. Rxd4 Bxd4 44. Rd1 Re3+ 1/2-1/2

[Event "Amsterdam Chess Tournament 2005"]
[Site "Amsterdam NED"]
[Date "2005.07.23"]
[Round "8.47"]
[White "Markus, John Raymond"]
[Black "Odink, Karel"]
[Result "0-1"]
[WhiteElo "2227"]
[BlackElo "2198"]
[PlyCount "130"]
[EventDate "2005.07.16"]
[EventType "tourn"]
[EventRounds "9"]
[EventCountry "NED"]
[Source "lmi"]
[SourceDate "2005.07.25"]

1. d4 Nf6 2. c4 c5 3. d5 b5 4. Nf3 g6 5. Nbd2 Bg7 6. e4 d6 7. Bd3 O-O 8. O-O
bxc4 9. Nxc4 e6 10. dxe6 Bxe6 11. e5 dxe5 12. Nfxe5 Qd5 13. Qc2 Nc6 14. Nxc6
Qxc6 15. Bf4 Rad8 16. Be5 Rfe8 17. Rfe1 Bd5 18. f3 Re6 19. Bg3 Nh5 20. Rxe6
Bxe6 21. Bf2 Nf4 22. Bf1 Bf5 23. Na5 Qc7 24. Qxc5 Qxc5 25. Bxc5 Bxb2 26. Re1
Ne6 27. Nc6 Rd7 28. Ne7+ Kg7 29. Nxf5+ gxf5 30. Bf2 Bd4 31. Bc4 Nf4 32. Bxd4+
Rxd4 33. Bb3 Rd2 34. Re7 Rxg2+ 35. Kf1 Rxh2 36. Rxf7+ Kg6 37. Rxa7 Rb2 38. Bg8
h5 39. Bh7+ Kg5 40. Ra5 Rb1+ 41. Kf2 Rb2+ 42. Ke3 Re2+ 43. Kd4 Ne6+ 44. Kd3
Nf4+ 45. Kc4 Ng6 46. Kd3 Re7 47. Bxg6 Kxg6 48. Rc5 h4 49. Rc2 Kg5 50. Rh2 Ra7
51. Kc4 Ra3 52. Kb4 Rxf3 53. a4 Rf1 54. Ra2 h3 55. a5 Rf4+ 56. Kc3 Rh4 57. a6
h2 58. Rg2+ Kf6 59. a7 h1=Q 60. a8=Q Qc1+ 61. Kd3 Qb1+ 62. Kc3 Qb4+ 63. Kd3
Rh3+ 64. Kc2 Qb3+ 65. Kd2 Qb2+ 0-1

[Event "Amsterdam Chess Tournament 2005"]
[Site "Amsterdam NED"]
[Date "2005.07.23"]
[Round "8.49"]
[White "Visser, Henk-Jan"]
[Black "Bensdorp, Marlies"]
[Result "1/2-1/2"]
[WhiteElo "2221"]
[BlackElo "2225"]
[PlyCount "127"]
[EventDate "2005.07.16"]
[EventType "tourn"]
[EventRounds "9"]
[EventCountry "NED"]
[Source "lmi"]
[SourceDate "2005.07.25"]

1. e4 e6 2. d4 d5 3. Nc3 Nf6 4. e5 Nfd7 5. f4 c5 6. Nf3 Qb6 7. Be3 a6 8. Na4
Qa5+ 9. c3 cxd4 10. b4 Qc7 11. Qxd4 a5 12. b5 b6 13. Be2 Nc5 14. O-O Nbd7 15.
Rac1 Bb7 16. Nd2 Be7 17. Nb2 O-O 18. c4 Rac8 19. cxd5 Bxd5 20. Nbc4 Rfd8 21. f5
Bxc4 22. Nxc4 exf5 23. Rxf5 Nf8 24. Qg4 Nfe6 25. Rcf1 Rf8 26. Kh1 Rcd8 27. Qh3
g6 28. R5f2 Ne4 29. Rxf7 Rxf7 30. Qxe6 Bc5 31. Nd6 Nxd6 32. Bxc5 Nf5 33. Bxb6
Qc8 34. Bc4 Qxe6 35. Bxe6 Rb8 36. Bxa5 Rxb5 37. Bc7 Rb7 38. Bd6 Kg7 39. Bxf7
Rxf7 40. Rd1 Ra7 41. Ra1 Kf7 42. a4 Ke6 43. Bc5 Ra6 44. g4 Nh4 45. Ra3 g5 46.
a5 Kxe5 47. Bb6 Ng6 48. Kg2 Nf4+ 49. Kf3 Nd5 50. Rb3 Ra8 51. Kg3 Kd6 52. Rf3
Ke6 53. Rf5 Rb8 54. Rxg5 Nxb6 55. axb6 Rxb6 56. Rg7 Rb3+ 57. Kh4 h5 58. g5 Kf5
59. Rg8 Ra3 60. Rh8 Kg6 61. Rh6+ Kg7 62. Rxh5 Ra4+ 63. Kg3 Kg6 64. Rh8 1/2-1/2

[Event "Amsterdam Chess Tournament 2005"]
[Site "Amsterdam NED"]
[Date "2005.07.24"]
[Round "9.1"]
[White "Eljanov, Pavel"]
[Black "Sokolov, Ivan"]
[Result "1-0"]
[WhiteElo "2639"]
[BlackElo "2691"]
[PlyCount "89"]
[EventDate "2005.07.16"]
[EventType "tourn"]
[EventRounds "9"]
[EventCountry "NED"]
[Source "lmi"]
[SourceDate "2005.07.25"]

1. d4 d5 2. c4 c6 3. Nf3 Nf6 4. e3 Bg4 5. h3 Bh5 6. cxd5 Bxf3 7. Qxf3 cxd5 8.
Nc3 Nc6 9. Bd3 e6 10. Bd2 Be7 11. Qe2 O-O 12. O-O Nb4 13. Bb1 Rc8 14. f4 Nd7
15. f5 e5 16. a3 exd4 17. exd4 Nc6 18. Nxd5 Bf6 19. Bc3 Nxd4 20. Qe3 Nc6 21.
Nxf6+ Nxf6 22. Ba2 Re8 23. Qf4 Qb6+ 24. Kh1 Re4 25. Qf2 Qxf2 26. Rxf2 Rd8 27.
Rff1 Nd5 28. Bxd5 Rxd5 29. f6 g5 30. Rad1 Rxd1 31. Rxd1 Re8 32. Rd7 Rb8 33. Kh2
h6 34. Kg3 Nd8 35. Kg4 Rc8 36. Kh5 Kh7 37. g3 Rb8 38. Bd4 Ra8 39. Be3 b6 40. a4
b5 41. axb5 Rb8 42. Bxa7 Rb7 43. Rxd8 Rxa7 44. b6 Rb7 45. Rd6 1-0

[Event "Amsterdam Chess Tournament 2005"]
[Site "Amsterdam NED"]
[Date "2005.07.24"]
[Round "9.4"]
[White "Bellini, Fabio"]
[Black "Cheparinov, Ivan"]
[Result "0-1"]
[WhiteElo "2501"]
[BlackElo "2634"]
[PlyCount "88"]
[EventDate "2005.07.16"]
[EventType "tourn"]
[EventRounds "9"]
[EventCountry "NED"]
[Source "lmi"]
[SourceDate "2005.07.25"]

1. e4 e6 2. d4 d5 3. Nc3 Bb4 4. exd5 exd5 5. Bd3 Nc6 6. a3 Bxc3+ 7. bxc3 Nge7
8. Ne2 Bf5 9. Ng3 Bxd3 10. cxd3 Qd7 11. Qf3 O-O 12. O-O Ng6 13. Nh5 f6 14. a4
Rf7 15. Rb1 b6 16. Re1 Rd8 17. Ba3 a5 18. Qg3 Qf5 19. Qf3 Qxf3 20. gxf3 Rfd7
21. Re6 Nce7 22. Bxe7 Rxe7 23. Rxe7 Nxe7 24. Nf4 Kf7 25. h4 g5 26. hxg5 fxg5
27. Nh5 Rd6 28. Kg2 Nf5 29. Ng3 Kf6 30. f4 gxf4 31. Nxf5 Kxf5 32. Rh1 Rc6 33.
Rh5+ Kg4 34. Rxd5 Rxc3 35. Rd7 Rxd3 36. d5 h5 37. Rg7+ Kf5 38. Rxc7 Rxd5 39.
Rf7+ Ke4 40. f3+ Ke3 41. Re7+ Kd3 42. Re6 b5 43. axb5 Rxb5 44. Rd6+ Kc3 0-1

[Event "Amsterdam Chess Tournament 2005"]
[Site "Amsterdam NED"]
[Date "2005.07.24"]
[Round "9.5"]
[White "Timman, Jan H"]
[Black "Ernst, Sipke"]
[Result "1/2-1/2"]
[WhiteElo "2625"]
[BlackElo "2457"]
[PlyCount "130"]
[EventDate "2005.07.16"]
[EventType "tourn"]
[EventRounds "9"]
[EventCountry "NED"]
[Source "lmi"]
[SourceDate "2005.07.25"]

1. c4 e5 2. g3 Bc5 3. Bg2 Nf6 4. Nc3 O-O 5. d3 a6 6. Nf3 d6 7. d4 exd4 8. Nxd4
Nbd7 9. O-O Re8 10. b3 Qe7 11. Bb2 Qe5 12. e3 Qg5 13. h3 Ne5 14. Nf3 Nxf3+ 15.
Qxf3 Qh6 16. g4 Qh4 17. Rad1 Bd7 18. Qf4 Re7 19. Nd5 Nxd5 20. cxd5 f5 21. b4
Bb6 22. Bd4 fxg4 23. Bxb6 cxb6 24. Rd4 Bb5 25. Qxd6 h5 26. Rc1 Rf7 27. Qg3 Qxg3
28. fxg3 gxh3 29. Bxh3 Rf3 30. Be6+ Kh7 31. e4 Raf8 32. Rd2 Re3 33. Rf2 Rxg3+
34. Rg2 Rxg2+ 35. Kxg2 Kg6 36. e5 Kg5 37. d6 Kf4 38. d7 Kxe5 39. Rc8 Kxe6 40.
Rxf8 Bxd7 41. Rh8 g6 42. Kg3 Kd5 43. Rd8 Kc6 44. Rg8 Bf5 45. Rg7 a5 46. a3 Bb1
47. Kh4 Bd3 48. Re7 Bf5 49. Re5 axb4 50. axb4 Kd6 51. Re1 Kd5 52. Rc1 Kd4 53.
Kg5 b5 54. Rc5 Bd3 55. Rc7 b6 56. Rc1 Be4 57. Rc8 Bf5 58. Rc1 Kd3 59. Rc7 Be4
60. Rc8 Kd2 61. Kf4 Bd3 62. Rc6 Bc4 63. Rxg6 Kc3 64. Rxb6 Kxb4 65. Ke3 Kc3
1/2-1/2

[Event "Amsterdam Chess Tournament 2005"]
[Site "Amsterdam NED"]
[Date "2005.07.24"]
[Round "9.7"]
[White "Stellwagen, Daniel"]
[Black "Erenburg, Sergey"]
[Result "1-0"]
[WhiteElo "2533"]
[BlackElo "2595"]
[PlyCount "111"]
[EventDate "2005.07.16"]
[EventType "tourn"]
[EventRounds "9"]
[EventCountry "NED"]
[Source "lmi"]
[SourceDate "2005.07.25"]

1. e4 c6 2. d4 d5 3. Nc3 dxe4 4. Nxe4 Bf5 5. Ng3 Bg6 6. h4 h6 7. Nf3 Nd7 8. h5
Bh7 9. Bd3 Bxd3 10. Qxd3 e6 11. Bf4 Ngf6 12. O-O-O Be7 13. Kb1 O-O 14. Ne4 Nxe4
15. Qxe4 Nf6 16. Qe2 Qd5 17. Ne5 Qe4 18. Qxe4 Nxe4 19. Rhe1 Nf6 20. g4 a5 21.
c4 a4 22. Be3 Bd6 23. f3 b5 24. Rc1 bxc4 25. Rxc4 c5 26. Nd3 cxd4 27. Bxd4 Nd5
28. Nc5 Bxc5 29. Bxc5 Rfd8 30. Ree4 Ra5 31. Bf2 Rda8 32. Rc5 R5a6 33. Rec4 Kf8
34. Bd4 f6 35. Rb5 Kg8 36. Rb7 Rd8 37. a3 Kh8 38. Ra7 Rxa7 39. Bxa7 Ra8 40.
Rxa4 Ne7 41. b3 Nc6 42. Bc5 Rc8 43. f4 Ne5 44. fxe5 Rxc5 45. exf6 gxf6 46. Re4
Kg7 47. Rxe6 f5 48. b4 Rd5 49. gxf5 Rxf5 50. a4 Rxh5 51. a5 Rd5 52. Kb2 h5 53.
a6 h4 54. a7 Rd8 55. b5 h3 56. Re2 1-0

[Event "Amsterdam Chess Tournament 2005"]
[Site "Amsterdam NED"]
[Date "2005.07.24"]
[Round "9.10"]
[White "Williams, Simon"]
[Black "Nijboer, Friso"]
[Result "1/2-1/2"]
[WhiteElo "2461"]
[BlackElo "2529"]
[PlyCount "118"]
[EventDate "2005.07.16"]
[EventType "tourn"]
[EventRounds "9"]
[EventCountry "NED"]
[Source "lmi"]
[SourceDate "2005.07.25"]

1. d4 f5 2. g3 Nf6 3. Bg2 g6 4. c4 Bg7 5. Nc3 O-O 6. Nh3 d6 7. d5 Na6 8. Nf4 e5
9. dxe6 c6 10. h4 Nc5 11. h5 gxh5 12. Nxh5 Nxh5 13. Rxh5 Bxe6 14. Bh6 Bxh6 15.
Rxh6 Qg5 16. Rh4 f4 17. Qd2 Bxc4 18. Bf3 Qe5 19. Kf1 d5 20. Kg2 Rf7 21. Rah1 d4
22. Nb1 Ne4 23. Qc2 Bd5 24. Nd2 Nxg3 25. Nc4 Qf5 26. Qxf5 Nxf5 27. Rg4+ Rg7 28.
Rxg7+ Kxg7 29. Bxd5 cxd5 30. Na3 Re8 31. Kf3 Kg6 32. Nc2 h5 33. Nb4 Nh6 34.
Nxd5 Kg5 35. Rxh5+ Kxh5 36. Nf6+ Kg6 37. Nxe8 Kf5 38. Nd6+ Ke5 39. Nxb7 Nf7 40.
Na5 Ng5+ 41. Kg4 Ne4 42. Nc6+ Kd6 43. Nxd4 Nxf2+ 44. Kxf4 Nd1 45. b3 Kd5 46. e3
Nc3 47. a3 a5 48. Nc2 Ne4 49. a4 Nc5 50. Nd4 Nd3+ 51. Kf5 Nc5 52. Kf4 Nd3+ 53.
Kf3 Nc1 54. Kf4 Nd3+ 55. Kf5 Nc5 56. Nf3 Nxb3 57. e4+ Kc4 58. e5 Nc5 59. Nd2+
Kd5 1/2-1/2

[Event "Amsterdam Chess Tournament 2005"]
[Site "Amsterdam NED"]
[Date "2005.07.24"]
[Round "9.14"]
[White "Vazquez, Renier"]
[Black "Ivanov, Jordan Mitev"]
[Result "0-1"]
[WhiteElo "2496"]
[BlackElo "2347"]
[PlyCount "110"]
[EventDate "2005.07.16"]
[EventType "tourn"]
[EventRounds "9"]
[EventCountry "NED"]
[Source "lmi"]
[SourceDate "2005.07.25"]

1. e4 c5 2. Nf3 e6 3. c3 Nf6 4. e5 Nd5 5. d4 cxd4 6. cxd4 b6 7. Nc3 Nxc3 8.
bxc3 Qc7 9. Bd2 Bb7 10. Bd3 d6 11. O-O Nd7 12. Re1 Be7 13. Bg5 Bxg5 14. Nxg5
dxe5 15. Qg4 h6 16. Qh5 Nf6 17. Nxe6 Qc6 18. Qh3 fxe6 19. Bg6+ Ke7 20. dxe5 Nd5
21. Qh4+ Kd7 22. c4 Nc3 23. Qg3 Rad8 24. c5 bxc5 25. Rac1 Nd5 26. Be4 g5 27.
Qa3 Rc8 28. Rc4 a6 29. Rec1 Qb6 30. Rb1 Qa7 31. Qf3 Rcf8 32. Qa3 Rc8 33. Qf3
Rhf8 34. Qh5 Bc6 35. Qxh6 Rf7 36. Rd1 Qb8 37. Qxg5 Rg8 38. Qh5 Rfg7 39. Rxc5
Qb4 40. Rxc6 Kxc6 41. Qe2 Qb5 42. Qd2 Rg5 43. f4 Rg4 44. g3 Rd8 45. Rc1+ Kd7
46. Bf3 Rgg8 47. f5 Qb6+ 48. Kh1 Qe3 49. fxe6+ Ke8 50. Qxe3 Nxe3 51. Rc7 Rd2
52. Kg1 Kd8 53. Ra7 Re8 54. Rxa6 Ke7 55. Ra3 Rc8 0-1

[Event "Amsterdam Chess Tournament 2005"]
[Site "Amsterdam NED"]
[Date "2005.07.24"]
[Round "9.15"]
[White "Van Beek, Alexander"]
[Black "Hoffmann, Michael"]
[Result "1/2-1/2"]
[WhiteElo "2312"]
[BlackElo "2475"]
[PlyCount "36"]
[EventDate "2005.07.16"]
[EventType "tourn"]
[EventRounds "9"]
[EventCountry "NED"]
[Source "lmi"]
[SourceDate "2005.07.25"]

1. d4 Nf6 2. c4 e6 3. Nc3 Bb4 4. Qc2 c5 5. dxc5 O-O 6. Nf3 Na6 7. Bd2 Nxc5 8.
a3 Bxc3 9. Bxc3 Nce4 10. e3 b6 11. Be2 Nxc3 12. Qxc3 Ba6 13. b4 d5 14. cxd5
Bxe2 15. Kxe2 Nxd5 16. Qb2 Rc8 17. Rhc1 Qd7 18. Rxc8 Rxc8 1/2-1/2

[Event "Amsterdam Chess Tournament 2005"]
[Site "Amsterdam NED"]
[Date "2005.07.24"]
[Round "9.17"]
[White "Janssen, Ruud"]
[Black "Dambacher, Martyn"]
[Result "1/2-1/2"]
[WhiteElo "2501"]
[BlackElo "2388"]
[PlyCount "31"]
[EventDate "2005.07.16"]
[EventType "tourn"]
[EventRounds "9"]
[EventCountry "NED"]
[Source "lmi"]
[SourceDate "2005.07.25"]

1. d4 d5 2. c4 dxc4 3. Nf3 Nf6 4. e3 e6 5. Bxc4 c5 6. O-O a6 7. Bb3 Nc6 8. Qe2
cxd4 9. Rd1 d3 10. Rxd3 Qc7 11. Nc3 Bc5 12. h3 O-O 13. e4 Nd7 14. Be3 Nce5 15.
Nxe5 Qxe5 16. Rad1 1/2-1/2

[Event "Amsterdam Chess Tournament 2005"]
[Site "Amsterdam NED"]
[Date "2005.07.24"]
[Round "9.18"]
[White "Siebrecht, Sebastian"]
[Black "Baquero, Luis A"]
[Result "1-0"]
[WhiteElo "2487"]
[BlackElo "2301"]
[PlyCount "53"]
[EventDate "2005.07.16"]
[EventType "tourn"]
[EventRounds "9"]
[EventCountry "NED"]
[Source "lmi"]
[SourceDate "2005.07.25"]

1. d4 Nf6 2. Nf3 g6 3. c4 Bg7 4. Nc3 O-O 5. e4 d6 6. h3 c5 7. d5 e5 8. dxe6
Bxe6 9. Be2 Nc6 10. O-O Re8 11. Bf4 Qa5 12. a3 Rad8 13. Qc2 Nd4 14. Nxd4 cxd4
15. Nd5 Nxd5 16. exd5 Bf5 17. Bd3 Rc8 18. Bxf5 gxf5 19. Qxf5 Rxc4 20. Bxd6 Rd8
21. Rae1 Rc6 22. b4 Qb5 23. a4 Qxf1+ 24. Kxf1 Rcxd6 25. Re7 Bf6 26. Rxb7 d3 27.
Qh5 1-0

[Event "Amsterdam Chess Tournament 2005"]
[Site "Amsterdam NED"]
[Date "2005.07.24"]
[Round "9.19"]
[White "Gullaksen, Eirik T"]
[Black "Holzke, Frank"]
[Result "0-1"]
[WhiteElo "2382"]
[BlackElo "2478"]
[PlyCount "88"]
[EventDate "2005.07.16"]
[EventType "tourn"]
[EventRounds "9"]
[EventCountry "NED"]
[Source "lmi"]
[SourceDate "2005.07.25"]

1. e4 e5 2. Nf3 Nc6 3. Bb5 a6 4. Ba4 Nf6 5. Qe2 b5 6. Bb3 Be7 7. a4 b4 8. d4 d5
9. exd5 Nxd4 10. Nxd4 exd4 11. Bg5 O-O 12. O-O Bb7 13. Bxf6 Bxf6 14. Qc4 a5 15.
Rd1 Qd6 16. Nd2 Ba6 17. Qc6 d3 18. Qxd6 cxd6 19. cxd3 Bxd3 20. Nf3 Be2 21. Rd2
Bxf3 22. gxf3 Rac8 23. Re1 g6 24. Kg2 Rc7 25. h3 Rfc8 26. Kf1 Kg7 27. Ree2 Rc1+
28. Re1 Be5 29. Rxc1 Rxc1+ 30. Ke2 Kf6 31. Rc2 Rxc2+ 32. Bxc2 Bxb2 33. f4 Bd4
34. Kf3 Ke7 35. f5 Kf6 36. fxg6 hxg6 37. Ke2 Ke5 38. f3 Bc5 39. Kd3 Kf4 40. Bd1
Kg3 41. Kc4 Kxh3 42. Kb5 g5 43. Kxa5 f5 44. Bc2 Kg3 0-1

[Event "Amsterdam Chess Tournament 2005"]
[Site "Amsterdam NED"]
[Date "2005.07.24"]
[Round "9.20"]
[White "Schmitz, Henk"]
[Black "Bosboom, Manuel"]
[Result "0-1"]
[WhiteElo "2306"]
[BlackElo "2419"]
[PlyCount "54"]
[EventDate "2005.07.16"]
[EventType "tourn"]
[EventRounds "9"]
[EventCountry "NED"]
[Source "lmi"]
[SourceDate "2005.07.25"]

1. e4 c5 2. d3 Nc6 3. f4 b6 4. Nf3 Bb7 5. Nc3 e6 6. Be2 d5 7. O-O Nf6 8. e5 d4
9. Nb5 Nd5 10. Ng5 a6 11. Na3 Be7 12. Ne4 b5 13. Qe1 O-O 14. Qg3 Qd7 15. Kh1 f5
16. exf6 Nxf6 17. Qh3 Nxe4 18. dxe4 c4 19. Bg4 Rf6 20. Re1 Rh6 21. Qf3 Rf8 22.
Qd1 Qc7 23. h3 Rxf4 24. e5 Rxg4 25. Qxg4 Rg6 26. Qe2 Nxe5 27. Rg1 Rg3 0-1

[Event "Amsterdam Chess Tournament 2005"]
[Site "Amsterdam NED"]
[Date "2005.07.24"]
[Round "9.22"]
[White "Wells, Peter"]
[Black "Beckhuis, Gernod"]
[Result "1-0"]
[WhiteElo "2529"]
[BlackElo "2324"]
[PlyCount "81"]
[EventDate "2005.07.16"]
[EventType "tourn"]
[EventRounds "9"]
[EventCountry "NED"]
[Source "lmi"]
[SourceDate "2005.07.25"]

1. d4 d5 2. c4 c6 3. Nf3 Nf6 4. Nc3 dxc4 5. a4 Bf5 6. Ne5 Nbd7 7. Nxc4 Qc7 8.
g3 e5 9. dxe5 Nxe5 10. Bf4 Nfd7 11. Bg2 Rd8 12. Qc1 Be6 13. Nxe5 Nxe5 14. O-O
Qa5 15. Ne4 f6 16. Rd1 Rxd1+ 17. Qxd1 Qb4 18. Bxe5 fxe5 19. Ng5 Qb3 20. Qb1 g6
21. Be4 Be7 22. Bc2 Qc4 23. b3 Qd5 24. Be4 Bf5 25. Bxf5 gxf5 26. Qxf5 Rf8 27.
Qc8+ Qd8 28. Qxd8+ Bxd8 29. Ne4 Ke7 30. e3 Ba5 31. Rd1 Bb4 32. g4 b5 33. axb5
cxb5 34. Rd5 a6 35. Rxe5+ Kd7 36. Rh5 Rc8 37. Rxh7+ Ke6 38. Kg2 Kd5 39. Ng3 Rc3
40. Rh5+ Ke6 41. Ne2 1-0

[Event "Amsterdam Chess Tournament 2005"]
[Site "Amsterdam NED"]
[Date "2005.07.24"]
[Round "9.24"]
[White "Bakker, Sven"]
[Black "Al Sayed, Mohamad N"]
[Result "1/2-1/2"]
[WhiteElo "2300"]
[BlackElo "2478"]
[PlyCount "78"]
[EventDate "2005.07.16"]
[EventType "tourn"]
[EventRounds "9"]
[EventCountry "NED"]
[Source "lmi"]
[SourceDate "2005.07.25"]

1. d4 d5 2. c4 c6 3. Nf3 Nf6 4. e3 Bg4 5. Nc3 e6 6. h3 Bxf3 7. Qxf3 Nbd7 8.
cxd5 exd5 9. Bd3 Bb4 10. O-O O-O 11. Bd2 Re8 12. Rfc1 Qe7 13. Rab1 a5 14. a3
Bd6 15. Qe2 h5 16. Re1 g6 17. e4 Nxe4 18. Nxe4 dxe4 19. Qxe4 Qxe4 20. Bxe4 Nf6
21. Bf3 Rxe1+ 22. Rxe1 Nd5 23. a4 Bb4 24. Bxb4 Nxb4 25. Re7 Rb8 26. Re5 b6 27.
d5 c5 28. Re7 Kg7 29. b3 Rd8 30. Rb7 Rd6 31. Be2 Kf6 32. h4 Nc2 33. Bc4 Nd4 34.
Kh2 Nf5 35. g3 Nh6 36. f3 Ke5 37. Re7+ Kd4 38. Re4+ Kc3 39. g4 hxg4 1/2-1/2

[Event "Amsterdam Chess Tournament 2005"]
[Site "Amsterdam NED"]
[Date "2005.07.24"]
[Round "9.26"]
[White "Van Leent, Dimitri"]
[Black "Pliester, Leon"]
[Result "0-1"]
[WhiteElo "2261"]
[BlackElo "2378"]
[PlyCount "108"]
[EventDate "2005.07.16"]
[EventType "tourn"]
[EventRounds "9"]
[EventCountry "NED"]
[Source "lmi"]
[SourceDate "2005.07.25"]

1. e4 c6 2. d4 d5 3. Nd2 dxe4 4. Nxe4 Bf5 5. Ng3 Bg6 6. h4 h6 7. Nf3 e6 8. h5
Bh7 9. Bd3 Bxd3 10. Qxd3 Nf6 11. Ne4 Nbd7 12. Bf4 Nxe4 13. Qxe4 Nf6 14. Qd3 Qd5
15. Nd2 O-O-O 16. c3 Nxh5 17. Be5 Nf6 18. a4 Qxg2 19. O-O-O Qd5 20. c4 Qa5 21.
Nb3 Qxa4 22. Kc2 b5 23. Ra1 Qxc4+ 24. Qxc4 bxc4 25. Na5 Nd5 26. Nxc6 Rd7 27.
Ra4 Rc7 28. Nxa7+ Kd7 29. Nb5 Rb7 30. Nc3 Bd6 31. Rxc4 Nb6 32. Rc5 Bxc5 33.
dxc5 Nd5 34. Nxd5 exd5 35. Bd4 f6 36. Ra1 Kc6 37. Kc3 Rhb8 38. Ra6+ Kc7 39. Kc2
Rb4 40. Kd3 Rxb2 41. Bxb2 Rxb2 42. f4 Rb4 43. Ke3 h5 44. Rd6 d4+ 45. Kd3 h4 46.
Ra6 h3 47. Ra7+ Kc6 48. Rxg7 Rb7 49. Rg1 Kxc5 50. Ke4 Rb3 51. f5 h2 52. Rh1 Rh3
53. Rc1+ Kd6 54. Rh1 d3 0-1

[Event "Amsterdam Chess Tournament 2005"]
[Site "Amsterdam NED"]
[Date "2005.07.24"]
[Round "9.27"]
[White "Bezemer, Arno"]
[Black "Slingerland, Fred"]
[Result "1/2-1/2"]
[WhiteElo "2364"]
[BlackElo "2259"]
[PlyCount "83"]
[EventDate "2005.07.16"]
[EventType "tourn"]
[EventRounds "9"]
[EventCountry "NED"]
[Source "lmi"]
[SourceDate "2005.07.25"]

1. e4 c5 2. Nf3 Nc6 3. d4 cxd4 4. Nxd4 g6 5. c4 Nf6 6. Nc3 d6 7. Be2 Nxd4 8.
Qxd4 Bg7 9. Bg5 O-O 10. Qd2 Be6 11. Rc1 Qa5 12. f3 Rfc8 13. b3 a6 14. Na4 Qxd2+
15. Kxd2 Nd7 16. g4 f6 17. Be3 f5 18. exf5 gxf5 19. h3 Rf8 20. f4 Rad8 21. Bd3
d5 22. cxd5 Bxd5 23. Rhg1 fxg4 24. hxg4 e5 25. f5 e4 26. Bb1 Ne5 27. Ke2 Bc6
28. Nc5 h5 29. a4 Nd3 30. gxh5 Nxc1+ 31. Bxc1 Kh7 32. Ne6 Rg8 33. Nxd8 Rxd8 34.
Bg5 Re8 35. h6 Bf8 36. Be3 Bd5 37. Rg4 Re5 38. Bd4 Rxf5 39. Rxe4 Kxh6 40. Rh4+
Kg5 41. Rh7 Rf7 42. Rxf7 1/2-1/2

[Event "Amsterdam Chess Tournament 2005"]
[Site "Amsterdam NED"]
[Date "2005.07.24"]
[Round "9.28"]
[White "Vrenegoor, Taco"]
[Black "Witt, Rob"]
[Result "1/2-1/2"]
[WhiteElo "2349"]
[BlackElo "2292"]
[PlyCount "40"]
[EventDate "2005.07.16"]
[EventType "tourn"]
[EventRounds "9"]
[EventCountry "NED"]
[Source "lmi"]
[SourceDate "2005.07.25"]

1. e4 e6 2. d4 d5 3. Nc3 Bb4 4. e5 c5 5. Bd2 Ne7 6. a3 Bxc3 7. Bxc3 b6 8. Bb5+
Bd7 9. Bd3 Nbc6 10. Nf3 cxd4 11. Bxd4 Nxd4 12. Nxd4 O-O 13. O-O Nc6 14. Nf3 f6
15. Qe2 Qc7 16. Rae1 Rae8 17. c4 dxc4 18. Bxc4 Nxe5 19. Nxe5 fxe5 20. Bd3 Rf4
1/2-1/2

[Event "Amsterdam Chess Tournament 2005"]
[Site "Amsterdam NED"]
[Date "2005.07.24"]
[Round "9.31"]
[White "Peng, Zhaoqin"]
[Black "Monteban, Martijn"]
[Result "1-0"]
[WhiteElo "2405"]
[BlackElo "2260"]
[PlyCount "51"]
[EventDate "2005.07.16"]
[EventType "tourn"]
[EventRounds "9"]
[EventCountry "NED"]
[Source "lmi"]
[SourceDate "2005.07.25"]

1. d4 d5 2. c4 dxc4 3. e4 Nc6 4. Nf3 Bg4 5. Bxc4 e6 6. Bb5 Nge7 7. Be3 Bxf3 8.
gxf3 a6 9. Be2 Qd7 10. Na3 O-O-O 11. Nc2 g6 12. Qd3 Bg7 13. O-O-O f5 14. Qb3
Rhf8 15. Kb1 f4 16. d5 exd5 17. Bc5 d4 18. Qa4 Qe8 19. Bxa6 bxa6 20. Qxa6+ Kd7
21. Bxd4 Nxd4 22. Nxd4 c5 23. Ne6+ Bd4 24. Nxc5+ Kc7 25. Ne6+ Kb8 26. Rxd4 1-0

[Event "Amsterdam Chess Tournament 2005"]
[Site "Amsterdam NED"]
[Date "2005.07.24"]
[Round "9.32"]
[White "Afek, Yochanan"]
[Black "Burg, Twan"]
[Result "1-0"]
[WhiteElo "2389"]
[BlackElo "2218"]
[PlyCount "67"]
[EventDate "2005.07.16"]
[EventType "tourn"]
[EventRounds "9"]
[EventCountry "NED"]
[Source "lmi"]
[SourceDate "2005.07.25"]

1. e4 c5 2. c3 d6 3. d4 Nf6 4. Bd3 g6 5. dxc5 dxc5 6. e5 Nd5 7. Be4 e6 8. c4
Nb6 9. Qxd8+ Kxd8 10. b3 Kc7 11. f4 Bd7 12. Nc3 a6 13. Nf3 Nc6 14. Be3 Nd8 15.
Ke2 Nc8 16. Rhd1 Be7 17. Rd2 Nc6 18. Rad1 Be8 19. Bb1 b6 20. Ne4 Ra7 21. Nd6
Nb8 22. Be4 a5 23. a3 h5 24. b4 axb4 25. axb4 Na6 26. bxc5 Nxc5 27. Bxc5 bxc5
28. Nxe8+ Rxe8 29. Rd7+ Kb6 30. Rb1+ Ka6 31. Rd2 Bd8 32. Ra2+ Ba5 33. Rb5 Nb6
34. Raxa5# 1-0